| 000 | 00986cam a22002655a 4500 | ||
|---|---|---|---|
| 001 | 17708935 | ||
| 005 | 20201128023935.0 | ||
| 008 | 130423t2014 njua fr 001 0 eng d | ||
| 020 | _a9780321862969 | ||
| 020 | _a0321862961 | ||
| 040 |
_aUKMGB _beng _cUKMGB _dOCLCO _dBTCTA _dBDX _dYDXCP _dSINLB _dIXA _dOCLCF _dGO3 _dOCLCA _dLML _dOCLCA _dDLC _dEG-ScBUE |
||
| 082 | 0 | 4 |
_a005.432 _222 _bSHA |
| 100 | 1 |
_aSharp, Maurice, _d1962- |
|
| 245 | 1 | 0 |
_aLearning iOS development : _ba hands-on guide to the fundamentals of iOS programming / _cMaurice Sharp, Erica Sadun, Rod Strougo. |
| 260 |
_aUpper Saddle River : _bAddison-Wesley, _cc.2014. |
||
| 300 |
_axxvii, 556 p. : _bill. ; _c23 cm. |
||
| 500 | _aIndex : p. [531]-556. | ||
| 630 | 0 | 0 | _aiOS (Electronic resource) |
| 650 | 7 |
_aOperating systems (Computers) _2BUEsh _93050 |
|
| 650 | 7 |
_aApplication software _xDevelopment. _2BUEsh _94599 |
|
| 653 |
_bCOMSCI _cOctober2016 |
||
| 700 | 1 |
_aStrougo, Rod, _d1976- |
|
| 700 | 1 | _aSadun, Erica. | |
| 942 | _2ddc | ||
| 999 |
_c22849 _d22821 |
||